Country Compass - Norway - Statistics

General Stats
  • This quiz has been taken 16 times
  • The average score is 11 of 13
Answer Stats
Country % Correct
Germany
100%
Poland
100%
Russia
100%
United Kingdom
100%
Denmark (Greenland)
93%
France
93%
Ireland
87%
Belarus
73%
Austria
67%
Czech Republic
67%
Iceland
67%
Slovakia
67%
Ukraine
67%
No matching quizzes found
Score Distribution
Percent of People with Each Score
Percentile by Number Answered
Your Score History
You have not taken this quiz